| 000 | 00375nam a22001337a 4500 | ||
|---|---|---|---|
| 008 | 230623b xxu||||| |||| 00| 0 eng d | ||
| 020 | _a1897621132 | ||
| 082 |
_a330 _bHYU 1993 |
||
| 245 | _aScope,Strucure and Policy Implications of Informal Financial Markets in Tanzania | ||
| 260 |
_b Economic Research Consortium _c1993 |
||
| 300 | _a38p | ||
| 440 | _n18 | ||
| 942 |
_2ddc _cBK |
||
| 999 |
_c2438 _d2438 |
||